Survey of English housing (Record no. 117862)
[ view plain ]
| 000 -LEADER | |
|---|---|
| fixed length control field | 01231cam a2200217 4500 |
| 001 - CONTROL NUMBER | |
| control field | WB@3612-379 |
| 008 - FIXED-LENGTH DATA ELEMENTS--GENERAL INFORMATION | |
| fixed length control field | 040819n2004 000 0 eng u |
| 035 ## - SYSTEM CONTROL NUMBER | |
| System control number | (Sirsi) u127101 |
| 245 ## - TITLE STATEMENT | |
| Title | Survey of English housing |
| 260 ## - PUBLICATION, DISTRIBUTION, ETC. | |
| Date of publication, distribution, etc. | 2004 |
| 490 ## - SERIES STATEMENT | |
| Series statement | ODPM Statistical Release |
| Volume/sequential designation | (0195) 12 August 2004 (1) |
| 520 ## - SUMMARY, ETC. | |
| Summary, etc. | Sub-regional results derived from the "Survey of English housing" have been published as "Housing statistics summary no. 22". The bulletin includes tables relating to housing tenure, type of accommodation, household type, economic activity and income. The results are only for specific areas of England, as defined in level 2 of the European Union nomenclature of territorial statistics area classification. In general these areas are counties, or groupings of counties and unitary authorities. In London the areas are Inner and Outer London defined in terms of London Boroughs. For further details see the website: http://www.odpm.gov.uk. http://www.odpm.gov.uk/pns/DisplayPN.cgi?pn_id=200 4_0195 |
| 590 ## - LOCAL NOTE (RLIN) | |
| Local note | WB |
| 590 ## - LOCAL NOTE (RLIN) | |
| Local note | WB |
| 650 ## - SUBJECT ADDED ENTRY--TOPICAL TERM | |
| Topical term or geographic name entry element | SURVEY OF ENGLISH HOUSING |
| 650 ## - SUBJECT ADDED ENTRY--TOPICAL TERM | |
| Topical term or geographic name entry element | HOUSING STATISTICS |
| 650 ## - SUBJECT ADDED ENTRY--TOPICAL TERM | |
| Topical term or geographic name entry element | HOUSING |
| 650 ## - SUBJECT ADDED ENTRY--TOPICAL TERM | |
| Topical term or geographic name entry element | ENGLISH HOUSING SURVEY |
| 690 ## - LOCAL SUBJECT ADDED ENTRY--TOPICAL TERM (OCLC, RLIN) | |
| Topical term or geographic name as entry element | HOUSING |
| 942 ## - ADDED ENTRY ELEMENTS (KOHA) | |
| Suppress in OPAC | 0 |
| Withdrawn status | Lost status | Source of classification or shelving scheme | Damaged status | Not for loan | Home library | Current library | Shelving location | Date acquired | Total Checkouts | Full call number | Barcode | Date last seen | Copy number | Price effective from | Koha item type |
|---|---|---|---|---|---|---|---|---|---|---|---|---|---|---|---|
| Dewey Decimal Classification | London | London | News article | 19/08/2004 | WB4032-05 | 127101-1001 | 06/08/2019 | 1 | 06/08/2019 | News article |